| 000 | 00502nam a22001817a 4500 | ||
|---|---|---|---|
| 999 |
_c18421 _d18421 |
||
| 008 | 200805b xxu||||| |||| 00| 0 eng d | ||
| 020 | _a0199754038 | ||
| 050 |
_aRA645 _b.W55 2013 c.1 |
||
| 100 | _aWillett, Walter | ||
| 245 |
_aNutritional Epidemiology _cWalter Willett |
||
| 250 | _a3rd ed. | ||
| 260 |
_aNew York _bOUP _c2013 |
||
| 300 | _aix,529p. | ||
| 650 | _aNutritional physiological phenomena | ||
| 650 |
_aDiet _vAdverse effects |
||
| 650 | _aEpidemiologic methods | ||
| 942 |
_2lcc _cBK |
||